| 000 | 00623nam a22001815i 4500 | ||
|---|---|---|---|
| 001 | 169126 | ||
| 003 | ES-MaACL | ||
| 005 | 20231227062556.0 | ||
| 008 | 080819s1885 sp |||| | spa d | ||
| 080 | _a94(460)"1874/85" | ||
| 100 | 1 |
_aLabra, Rafael M. de, _d1840-1918 _969273 |
|
| 245 | 1 | 0 |
_aMi campaña en las cortes españolas de 1881 á 1883 / _cpor Rafael M. de Labra. |
| 260 |
_aMadrid : _b[s.n.], _c1885 ( _fImp. de Aurelio J. Alaria) |
||
| 300 |
_aLXXXVIII, 365 p. ; _c22 cm. |
||
| 651 | 4 |
_aEspaña- _xHistoria- _y1874-1885, Alfonso XII. _98265 |
|
| 852 |
_aES-MaACL _jF-11504 _9R.143619 |
||
| 999 |
_c169126 _d169126 |
||